ბათუმის შოთა რუსთაველის სახელმწიფო უნივერსიტეტის ბიბლიოთეკა

ევროკავშირის სასამართლო პრაქტიკა : (ბიბ.ჩანაწერი № 37618)

000 -ლიდერი
ფიქსირებული სიგრძის საკონტროლო ველი 01134nam a2200241Ia 4500
001 - საკონტროლო ნომერი
საკონტროლო ველი 3590
003 - საკონტროლო ნომრის იდენტიფიკატორი
საკონტროლო ველი GE_BSU
005 - ბოლო ოპერაციის თარიღი და დრო
საკონტროლო ველი 20190627155620.0
008 - ფიქსირებული სიგრძის მონაცემთა ელემენტები - ზოგადი ინფორმაცია
ფიქსირებული სიგრძის საკონტროლო ველი 181216s2010||||ge |||||||||||||| ||geo||
020 ## - წიგნის საერთაშორისო სტანდარტული ნომერი
International Standard Book Number 9789994047642
040 ## - კატალოგიზაციის წყარო
Transcribing agency GE_BSU
041 ## - ენის კოდი
Language code of text/sound track or separate title geo
080 ## - უნივერსალური ათობითი კლასიფიკაციის ინდექსი
Universal Decimal Classification number 347.9 გ–30
100 ## - მთავარი ჩანაწერი - პიროვნების სახელი
Personal name გელაშვილი, ნონა
9 (RLIN) 2998
245 ## - ცნობა სათაურის შესახებ
Title ევროკავშირის სასამართლო პრაქტიკა :
Remainder of title ამონარიდები ევროკავშირის სასამართლოს რჩეული გადაწყვეტილებებიდან /
Statement of responsibility, etc ნონა გელაშვილი, ეთერ ყამარაული.
264 ## - წარმოების, გამოცემის, დისტრიბუციის და სხვა ცნობები
გამოცემის, წარმოების, დისტრიბუციის... ადგილი თბილისი :
გამოცემის, წარმოების, დისტრიბუციის... სახელწოდება GTZ,
გამოცემის, წარმოების, დისტრიბუციის... თარიღი 2010.
300 ## - ფიზიკური აღწერა
Extent 497 გვ. ;
Other physical details 23 სმ.
504 ## - BIBLIOGRAPHY, ETC. NOTE
Bibliography, etc ტექსტის შენიშვნ.
653 ## - INDEX TERM--UNCONTROLLED
Uncontrolled term ევროკავშირი
653 ## - INDEX TERM--UNCONTROLLED
Uncontrolled term სასამართლო გადაწყვეტილებები
700 ## - ADDED ENTRY--PERSONAL NAME
Personal name ყამარაული, ეთერ
Relator term ავტორი
9 (RLIN) 2999
942 ## - ADDED ENTRY ELEMENTS (KOHA)
Koha item type წიგნი
Source of classification or shelving scheme
ეგზემპლარები
ჩამოწერის სტატუსი დაკარგული ეგზემპლარის სტატუსი კლასიფიკაციის წყარო ან თაროზე გაწყობის სქემა დაზიანების სტატუსი არ გაიცემა მუდმივი მდებარეობა (დაცვის ადგილი) ამჟამინდელი ადგილსამყოფელი თაროზე განთავსების ადგილი შეძენის თარიღი სრული შენახვის შიფრი შტრიხკოდი ბოლო ოპერაციის თარიღი ეგზემპლარის მიმდევრობითი ნომერი (კეტერი?) ფასის ძალაში შესვლის თარიღი ეგზემპლარის სახეობა საჯარო შენიშვნა
          ბათუმის შოთა რუსთაველის სახელმწიფო უნივერსიტეტის მთავარი ბიბლიოთეკა ბათუმის შოთა რუსთაველის სახელმწიფო უნივერსიტეტის მთავარი ბიბლიოთეკა წიგნსაცავი 2018-12-17 347.9 გ–30 5254 2018-12-17 5254 2018-12-17 წიგნი
          ბათუმის შოთა რუსთაველის სახელმწიფო უნივერსიტეტის მთავარი ბიბლიოთეკა ბათუმის შოთა რუსთაველის სახელმწიფო უნივერსიტეტის მთავარი ბიბლიოთეკა წიგნსაცავი 2018-12-17 347.9 გ–30 5255 2018-12-17 5255 2018-12-17 წიგნი